Cultura e participacao nos anos 60 /
Sparad:
| Huvudupphovsman: | |
|---|---|
| Övriga upphovsmän: | |
| Materialtyp: | Okänd |
| Språk: | Portuguese |
| Publicerad: |
Sao Paulo, Brasil:
Brasiliense,
1985
|
| Upplaga: | 4 edición |
| Serie: | Colección Tudo é história
41 |
| Ämnen: | |
| Taggar: |
Lägg till en tagg
Inga taggar, Lägg till första taggen!
|
MARC
| LEADER | 000000000a22000000004500 | ||
|---|---|---|---|
| 001 | 001074 | ||
| 008 | 170622s1985 bl ||||| |||| 00| 0 por d | ||
| 040 | |a CIICLA - UCR | ||
| 041 | 0 | |a portugues | |
| 082 | |a 302.23 |b H751c4 | ||
| 100 | 1 | |a Hollanda, Heloísa Buarque de, 1939- | |
| 245 | 1 | 0 | |a Cultura e participacao nos anos 60 / |c Heloísa Buarque de Goncalves, Marcos A. Goncalves |
| 250 | |a 4 edición | ||
| 260 | |a Sao Paulo, Brasil: |b Brasiliense, |c 1985 | ||
| 300 | |a 101 páginas | ||
| 490 | 1 | |a Colección Tudo é história |v 41 | |
| 500 | |a Número de inscripción 12440 (Colección George Yúdice) | ||
| 650 | 1 | 4 | |a COMUNICACION DE MASAS |x ASPECTOS POLÍTICOS |
| 650 | 1 | 4 | |a BRASIL |x ASPECTOS POLÍTICOS |
| 650 | 1 | 4 | |a MOVIMIENTOS ESTUDIANTILES |
| 700 | 1 | 2 | |a Goncalves, Marcos A. |
| 942 | |2 ddc |c BK | ||
| 999 | |c 2192 |d 2192 | ||
